000 01579nam a22004097a 4500
003 DO-SdBNP
005 20211109112942.0
007 ta
008 211109b2018 a|||e |||| 001 0 spa d
020 _a9789945580648
040 _aDO-SdBNP
_bspa
_cBNPHU
082 4 _222
_a516.6
_bG345
245 1 0 _aGeometría descriptiva /
_cAura Salazar … [et.al] ; editor Lennys Tejada Betancourt
260 _aSantiago de los Caballeros, Rep. Dom. :
_bUAPA,
_c2018.
300 _a320 p. : (14 )
_bil.;
_c27 cm
490 _aAutoaprendizaje
_v; v.1
500 _aEvaluación Pedagógica y del contenido.
504 _aIncluye referencias bibliográficas.
505 _aUnidad 1. Conceptos geométricos fundamentales.
_t1.1. Punto --
_t1.2. Líneas --
_t1.3. Planos --
505 _aUnidada II. Los Ängulos.
505 _aUnidad III. Paralelismo y Perpendicularidad.
505 _aUnidadad IV. Los Polígonos.
505 _aUnidad V. Ängulos formados entre Rectas y Planos.
505 _aUnidad VI. Superficies.
505 _aUnidad VIII. Los poliedros.
505 _aRespuestas a los ejercicios de autoevaluación bibliografía general.
590 _aInventariado, 2021 / SA
650 4 _910297
_aGeometría descriptiva
700 1 _aSalazar, Aura Marlene
_980537
700 1 _aGirón Villarroel, Thamara Gregoria
_980538
700 1 _aSalazar Aguirre, Engel Fernando
_980539
700 1 _aNúnez , Luis Alfredo
_980540
700 1 _aVargas Villega, Elizabeth
_980541
700 1 _aMorales Urbina, Esther María
_980542
910 _aSaquino
942 _2ddc
_cLBS1
999 _c50892
_d50892